Электромагнитная совместимость в электроэнергетике: учебник для вузов

Dades bibliogràfiques
Autor principal: Вагин Г. Я. Геннадий Яковлевич
Altres autors: Лоскутов А. Б. Алексей Борисович, Севостьянов А. А. Александр Александрович
Sumari:Описаны электромагнитная обстановка на различных объектах электроэнергетики, источники электромагнитных помех и каналы распространения помех. Рассмотрены помехозащитные устройства, методы испытаний и сертификации объектов электроэнергетики на помехоустойчивость, документы по нормированию электромагнитных помех и электромагнитной совместимости, а также влияние полей, создаваемых объектами электроэнергетики, на биологические объекты. Для студентов высших учебных заведений.
Idioma:rus
Publicat: Москва, Академия, 2010
Col·lecció:Высшее профессиональное образование. Энергетика
Matèries:
Format: Llibre
KOHA link:https://koha.lib.tpu.ru/cgi-bin/koha/opac-detail.pl?biblionumber=178422

MARC

LEADER 00000nam0a2200000 4500
001 178422
005 20231101223413.0
010 |a 9785769565397 
035 |a (RuTPU)RU\TPU\book\193423 
090 |a 178422 
100 |a 20100407d2010 m y0rusy50 ca 
101 0 |a rus 
102 |a RU 
105 |a a j 001zy 
200 1 |a Электромагнитная совместимость в электроэнергетике  |e учебник для вузов  |f Г. Я. Вагин, А. Б. Лоскутов, А. А. Севостьянов 
210 |a Москва  |c Академия  |d 2010 
215 |a 224 с.  |c ил. 
225 1 |a Высшее профессиональное образование. Энергетика 
320 |a Библиогр.: с. 221-222. 
320 |a Основные понятия: с. 219-220. 
320 |a Список сокращений: с. 3. 
330 |a Описаны электромагнитная обстановка на различных объектах электроэнергетики, источники электромагнитных помех и каналы распространения помех. Рассмотрены помехозащитные устройства, методы испытаний и сертификации объектов электроэнергетики на помехоустойчивость, документы по нормированию электромагнитных помех и электромагнитной совместимости, а также влияние полей, создаваемых объектами электроэнергетики, на биологические объекты. Для студентов высших учебных заведений. 
606 1 |a Электроэнергетика  |x Электромагнитная совместимость  |2 stltpush  |3 (RuTPU)RU\TPU\subj\67663  |9 83384 
610 1 |a энергетические объекты 
610 1 |a электрические станции 
610 1 |a электрические подстанции 
610 1 |a электромагнитные помехи 
610 1 |a источники 
610 1 |a чувствительность 
610 1 |a системы электроснабжения 
610 1 |a каналы передачи 
610 1 |a нормирование 
610 1 |a расчет 
610 1 |a помехозащищенность 
610 1 |a технические средства 
610 1 |a испытания 
610 1 |a сертификация 
610 1 |a электромагнитные поля 
610 1 |a влияние на организм 
610 1 |a персонал 
610 1 |a защита 
610 1 |a учебники 
675 |a 621.31:53(075.8)  |v 3 
700 1 |a Вагин  |b Г. Я.  |g Геннадий Яковлевич 
701 1 |a Лоскутов  |b А. Б.  |g Алексей Борисович 
701 1 |a Севостьянов  |b А. А.  |g Александр Александрович 
801 1 |a RU  |b 63413507  |c 20100407 
801 2 |a RU  |b 63413507  |c 20220422  |g RCR 
942 |c BK 
959 |a 20/20100322  |d 2  |e 286,00  |f АНЛ:1  |f ЧЗТЛ:1